| 000 | 01117nam a22003377a 4500 | ||
|---|---|---|---|
| 003 | CHAP | ||
| 005 | 20220329133946.0 | ||
| 008 | 971013s1961 mx a r 00010 spa d | ||
| 010 | _a13235 | ||
| 011 | _a14207 | ||
| 035 | _a18280 | ||
| 040 | _cCHAP | ||
| 090 | _aTesis | ||
| 100 | 0 | 0 |
_aGómez Hernández, Beatriz. _949746 |
| 245 | 1 | 0 |
_aAdsorción de un antibiótico por arcillas _c/por Beatriz Gómez Hernández |
| 260 |
_aMéxico, D.F. : _bEl autor, _c1961 |
||
| 300 |
_a[s. p.] : _bgráfs. |
||
| 502 | _aTesis (Farmacéutico Biológo) -- UNAM. Esc. de Ciencias Químicas. Químico Farmacéutico | ||
| 590 |
_aALEPH _b10 _c20130110 _lUCH01 _h1232 |
||
| 590 |
_aBATCH-UPD _b10 _c20130110 _lUCH01 _h1613 |
||
| 590 |
_aBATCH-UPD _b10 _c20130410 _lUCH01 _h1008 |
||
| 590 |
_aBATCH-UPD _b10 _c20130914 _lUCH01 _h2036 |
||
| 590 |
_aCONVERSION _b10 _c20130109 _lUCH01 _h1309 |
||
| 650 | 1 | 4 |
_aAntibioticos. _96046 |
| 650 | 1 | 4 |
_aSuelos arcillosos. _9110534 |
| 650 | 1 | 4 |
_aSuelos _xAdsorción. _9110194 |
| 650 | 1 | 4 |
_aSuelos _xMicrobiología. _9110434 |
| 901 | _aBK | ||
| 942 | _cTESIS | ||
| 949 |
_bBC _cTES _d-42677 _eTS1 _i18280 _si |
||
| 999 |
_c13235 _d13235 |
||